000 00602cab a2200217 4500
001 ABS60523
008 090401t1999 xxu||||| |||| 00| 0 eng d
035 _a(Sirsi) u93035
041 _aeng
245 _aHackney African Organisation v Hackney LBC
260 _c1999
350 _a0
490 _aRent Review & Lease Renewal
_v19(1) March 1999, 50-54(3)
650 _aCOUNTER NOTICE
650 _aLANDLORD AND TENANT ACT 1954 S25
650 _aNOTICE OF TERMINATION
650 _aTRUSTEES
690 _aLANDLORD AND TENANT-CASE LAW-BUSINESS TENANCIES
942 _n0
948 _c28/04/1999
999 _c58964
_d58964